| 000 | 00845nas a2200301 4500 | ||
|---|---|---|---|
| 001 | BR5600255 | ||
| 003 | BR-BrBNA | ||
| 005 | 20231205082003.0 | ||
| 007 | ta | ||
| 008 | 230509b bl.|||p| |||| 00| 00por d | ||
| 040 |
_aBR-BrBNA _bpor _cBiblioteca Nacional de Agricultura |
||
| 041 | _a(Pt) | ||
| 072 | _aL30 | ||
| 100 | 1 | _aPeixoto, R.R. | |
| 100 | 1 | _aOliveira, W.M. | |
| 100 | 1 | _aGrossman, J. | |
| 245 | 1 | _aO pinhao comparado com o milho no crescimento e engorda de porcos | |
| 650 | _aNUTRICAO ANIMAL | ||
| 650 | _aPINHAO | ||
| 650 | _aCRESCIMENTO | ||
| 650 | _aENGORDA | ||
| 650 | _aMILHO | ||
| 650 | _aSUÍNO | ||
| 650 | _aVALOR NUTRITIVO | ||
| 773 | 0 |
_tBoletim da Diretoria da Producao Animal (Brazil) _x _g(Jan-May 1956), v. 13(24) p. 44-50 _wBR5600255 |
|
| 909 |
_a202311 _bLúcia _c55 _dLúcia Elande |
||
| 942 |
_2AGRIS _n0 _cANA |
||
| 999 |
_c88353 _d88353 |
||